Доклады Томского государственного университета систем управления и радиоэлектроники

Bibliographische Detailangaben
Körperschaft: Томский государственный университет систем управления и радиоэлектроники (ТУСУР)
Sprache:Russisch
Veröffentlicht: Томск, Изд-во ТУСУР, 1997-
Format: Schriftenreihe
KOHA link:https://koha.lib.tpu.ru/cgi-bin/koha/opac-detail.pl?biblionumber=37909

MARC

LEADER 00000nas1a2200000 4500
001 37909
005 20240814155041.0
011 |a 1818-0442 
035 |a (RuTPU)RU\TPU\book\38503 
090 |a 37909 
100 |a 20020205a19979999k||y0rusy50 ca 
101 0 |a rus 
102 |a RU 
110 |a zyuzz 0uu0 
200 1 |a Доклады Томского государственного университета систем управления и радиоэлектроники  |f Томский государственный университет систем управления и радиоэлектроники 
210 |a Томск  |c Изд-во ТУСУР  |d 1997-  
531 |a Доклады ТУСУРа 
712 0 2 |a Томский государственный университет систем управления и радиоэлектроники (ТУСУР)  |c (1997 - )  |3 (RuTPU)RU\TPU\col\422 
801 1 |a RU  |b 63413507  |c 20020205  |g PSBO 
801 2 |a RU  |b 63413507  |c 20231009  |g PSBO 
942 |c CR